000 00325 a2200121 4500
999 _c232765
_d232765
003 Nust
005 20170223113641.0
008 170223b xxu||||| |||| 00| 0 eng d
040 _c0
082 _a334.1
100 _aTasneem Ahmed Siddiqui
245 _aDevelopmental Issues: Innovations and Successes
_cTasneem Ahmed Siddiqui
260 _aLahore
_bFiction House
_c1996
300 _a214p
942 _cBK
_k334.1 SID
_2ddc